[Event "Ruhrgebiet VK1 0708"]
[Site "Germany"]
[Date "2008.03.09"]
[Round "7.4"]
[White "Wicke, Johannes"]
[Black "Chan, Allan"]
[Result "0-1"]
[WhiteElo "1516"]
[BlackElo "2022"]
[PlyCount "76"]
[EventDate "2007.09.16"]
[EventType "team-tourn"]
[EventRounds "9"]
[EventCountry "GER"]
[SourceTitle "EXT 2009"]
[Source "ChessBase"]
[SourceDate "2008.11.26"]
[SourceVersion "1"]
[SourceVersionDate "2008.11.26"]
[SourceQuality "1"]
[WhiteTeam "Altstadt RE"]
[BlackTeam "Oberhausen II"]
[WhiteTeamCountry "GER"]
[BlackTeamCountry "GER"]

1. c4 f5 2. d4 Nf6 3. Nc3 e6 4. Nf3 d5 5. e3 c6 6. cxd5 exd5 7. a3 a5 8. Bd2 Bd6 9. g3 Qe7 10. Bg2 f4 11. 0-0 fxg3 12. fxg3 0-0 13. Nh4 g6 14. Qe2 Bg4 15. Bf3 Bh3 16. Bg2 Bg4 17. Bf3 Bxf3 18. Rxf3 Nbd7 19. Raf1 b5 20. Nd1 b4 21. axb4 axb4 22. Qd3 Ne4 23. Rxf8+ Rxf8 24. Rxf8+ Qxf8 25. Be1 Ndf6 26. Nf2 Nxf2 27. Bxf2 Ne4 28. Qe2 b3 29. Nf3 Qa8 30. Ne1 Qa1 31. Kg2 Qc1 32. Nd3 Qc4 33. Be1 c5 34. dxc5 Nxc5 35. Nf4 Bxf4 36. Qxc4 dxc4 37. gxf4 Na4 38. Bb4 Nxb2 0-1

[Event "Ruhrgebiet VK1 0708"]
[Site "Germany"]
[Date "2008.02.17"]
[Round "6.7"]
[White "Wicke, Johannes"]
[Black "Sokalska, Viktorija"]
[Result "0-1"]
[WhiteElo "1516"]
[BlackElo "2045"]
[PlyCount "92"]
[EventDate "2007.09.16"]
[EventType "team-tourn"]
[EventRounds "9"]
[EventCountry "GER"]
[SourceTitle "EXT 2009"]
[Source "ChessBase"]
[SourceDate "2008.11.26"]
[SourceVersion "1"]
[SourceVersionDate "2008.11.26"]
[SourceQuality "1"]
[WhiteTeam "Altstadt RE"]
[BlackTeam "Muelheim Nord III"]
[WhiteTeamCountry "GER"]
[BlackTeamCountry "GER"]

1. e4 c6 2. Nc3 d5 3. exd5 cxd5 4. d4 Nf6 5. h3 g6 6. Nf3 Bg7 7. Bb5+ Bd7 8. Qd3 0-0 9. 0-0 Bf5 10. Qe2 a6 11. Bd3 Bxd3 12. Qxd3 Nc6 13. a3 Rc8 14. Ne2 Ne4 15. c3 Nd6 16. Nd2 f5 17. f3 Na5 18. Nf4 Re8 19. Ne6 Qb6 20. Re1 Bf6 21. Qe2 Ne4 22. Nxe4 dxe4 23. Nf4 Bh4 24. Rd1 Nb3 25. Rb1 Qd6 26. Be3 Bg3 27. fxe4 Bxf4 28. e5 Bxe3+ 29. Qxe3 Qd5 30. Rf1 Na5 31. Qg5 Qe6 32. Rbd1 Nc4 33. Rf2 Rcd8 34. Rdf1 Rf8 35. h4 Rf7 36. h5 Rdf8 37. h6 f4 38. Rxf4 Rxf4 39. Rxf4 Rxf4 40. Qxf4 Nxb2 41. Qe4 Qc6 42. d5 Qc4 43. Qf3 Qd3 44. Qxd3 Nxd3 45. d6 exd6 46. exd6 Kf7 0-1

[Event "Ruhrgebiet VK1 0708"]
[Site "Germany"]
[Date "2008.01.20"]
[Round "5.6"]
[White "Wicke, Johannes"]
[Black "Gerwinat, Dirk"]
[Result "0-1"]
[WhiteElo "1516"]
[BlackElo "1825"]
[PlyCount "80"]
[EventDate "2007.09.16"]
[EventType "team-tourn"]
[EventRounds "9"]
[EventCountry "GER"]
[SourceTitle "EXT 2009"]
[Source "ChessBase"]
[SourceDate "2008.11.26"]
[SourceVersion "1"]
[SourceVersionDate "2008.11.26"]
[SourceQuality "1"]
[WhiteTeam "Altstadt RE"]
[BlackTeam "Brambauer "]
[WhiteTeamCountry "GER"]
[BlackTeamCountry "GER"]

1. e4 c5 2. Nc3 Nc6 3. Nf3 e6 4. d4 cxd4 5. Nxd4 Nf6 6. Bg5 Bb4 7. Nxc6 bxc6 8. Qd4 Be7 9. Be2 d5 10. e5 Nd7 11. Bxe7 Qxe7 12. 0-0 0-0 13. f4 a5 14. Na4 Rb8 15. b3 Qb4 16. Rad1 c5 17. Qd2 Nb6 18. c3 Qa3 19. Nxb6 Rxb6 20. Rb1 Bd7 21. Qb2 Qxb2 22. Rxb2 Rfb8 23. Rfb1 f6 24. exf6 gxf6 25. Kf2 Kf7 26. Ke3 e5 27. fxe5 fxe5 28. Bh5+ Ke7 29. Rf2 Rf6 30. Rxf6 Kxf6 31. Rf1+ Kg5 32. Be2 Bf5 33. h4+ Kg6 34. g4 d4+ 35. Kf3 Bc2 36. Kg3 Re8 37. Bc4 Re7 38. g5 Bf5 39. cxd4 exd4 40. Bf7+ Rxf7 0-1

[Event "Ruhrgebiet VL2 0405"]
[Site "Ruhrgebiet"]
[Date "2005.03.13"]
[Round "8.7"]
[White "Wicke, Johannes"]
[Black "Linker, Walter"]
[Result "0-1"]
[WhiteElo "1572"]
[BlackElo "2027"]
[PlyCount "120"]
[EventDate "2004.09.12"]
[EventType "team-tourn"]
[EventRounds "9"]
[EventCountry "GER"]
[SourceTitle "EXT 2006"]
[Source "ChessBase"]
[SourceDate "2005.11.24"]
[SourceVersion "1"]
[SourceVersionDate "2005.11.24"]
[SourceQuality "1"]
[WhiteTeam "Altstadt RE"]
[BlackTeam "Dortmund Hansa II"]
[WhiteTeamCountry "GER"]
[BlackTeamCountry "GER"]

1. d4 Nf6 2. c4 e5 3. dxe5 Ng4 4. Nf3 Nc6 5. e3 Ngxe5 6. Be2 Bc5 7. 0-0 d6 8. Nc3 a5 9. a3 0-0 10. Nd4 Qh4 11. Nxc6 bxc6 12. b3 Rb8 13. Na4 Ba7 14. Bd2 Bb6 15. Nxb6 cxb6 16. Bc3 Qe7 17. b4 axb4 18. axb4 Be6 19. Bxe5 dxe5 20. Qd2 Rbd8 21. Qc3 f6 22. Rfd1 c5 23. b5 Qf7 24. Rxd8 Rxd8 25. Ra6 Qc7 26. f3 Qd6 27. Ra2 Qc7 28. Kf2 Qf7 29. Ra6 Qc7 30. g3 h6 31. Ra1 g5 32. Ra2 Kg7 33. Ra1 Bf7 34. h3 Qd7 35. g4 h5 36. Ra6 Qd6 37. Ra2 e4 38. Kg2 exf3+ 39. Bxf3 h4 40. Qe1 Bxc4 41. Ra7+ Rd7 42. Rxd7+ Qxd7 43. Bc6 Bd5+ 44. Bxd5 Qxd5+ 45. e4 Qe5 46. Qe3 Qb2+ 47. Kf3 Qxb5 48. e5 Qc6+ 49. Kf2 Qe6 50. exf6+ Qxf6+ 51. Kg2 c4 52. Qe4 Qb2+ 53. Kf1 Qf6+ 54. Ke2 Kf7 55. Qh7+ Ke6 56. Qg8+ Kd6 57. Qb8+ Kc5 58. Qc8+ Kb4 59. Qf5 Qxf5 60. gxf5 Kc5 0-1